Chansons de K-pop contenant le mot "You" - Statistiques

Statistiques générales
  • Ce quiz a été pris 109 fois
  • Le résultat moyen est 8 sur 17
Statistiques - réponses
Hint Réponse % Correct
How You Like That BLACKPINK
92%
Crazy Over You BLACKPINK
61%
0x1=LOVESONG (I Know I Love You) Tomorrow x Together
61%
I'll See You There Tomorrow Tomorrow x Together
61%
I Need U BTS
58%
Sorry, I Love You Stray Kids
58%
See U Later BLACKPINK
51%
Bet You Wanna BLACKPINK
51%
I am YOU Stray Kids
46%
You Never Know BLACKPINK
41%
I GOT YOU TWICE
39%
You're The Best Mamamoo
38%
Taller than You Mamamoo
38%
The Killa (I Belong to You) Tomorrow x Together
35%
Can't You See Me? Tomorrow x Together
31%
DEPEND ON YOU TWICE
16%
What You Waiting For TWICE
15%
Aucun quiz correspondant
Distribution des résultats
% des personnes avec chaque résultat
Percentile par nombre de réponses
Votre historique - résultats
Vous n’avez pas pris ce quiz